000 01803nam1a2200337 i 4500
001 RU\NLR\bibl\734145
005 20260407042241.0
035 _a(NLR Aleph) 000724079
090 _a721268
_c721268
100 _a20050311g20039999k y0rusy50 ca
101 0 _arus
102 _aRU
105 _a||||z |||||
200 1 _aТехнология, селекция и семеноводство сельскохозяйственных культур
_eМежвуз. сб. науч. тр.
_fМ-во сел. хоз-ва Рос. Федерации, Федерал. гос. образоват. учреждение высш. проф. образования "Азово-Черномор. гос. агроинженер. акад."
_g[Редкол.: ... д.с.-х.н. Ерешко А.С., отв. ред. и др.]
210 _aЗерноград
_cАЧГАА
_d2003
215 _d29
463 0 _1001607406
463 0 _10011270472
606 0 _aПолевые культуры
_jСборники
_xАгротехника
_92287721
_3RU\NLR\auth\661370278
606 _aСеменоводство
_jСборники
_9900933
_3RU\NLR\auth\667443
606 _aСельскохозяйственные растения
_jСборники
_xСелекция
_91299095
_3RU\NLR\auth\66220419
686 _aП21-4я43
686 _aП137я43
686 _aП131я43
702 1 _aЕрешко
_bА. С.
_gАлександр Сергеевич
_4340
712 0 2 _4570
_aАзово-Черноморская государственная агроинженерная академия
_cЗерноград, Ростовская обл.
_3RU\NLR\AUTH\8810014480
_9526863
801 0 _aRU
_bNLR
_c20050311
_grcr
801 1 _aRU
_bNLR
_c20050311
852 _aNLR
_j2005-8/265
942 _cBOOK